Microsoft Encyclopedia of Security / (Record no. 62814)

MARC details
000 -LEADER
fixed length control field 00436nam a22001457a 4500
005 - DATE AND TIME OF LATEST TRANSACTION
control field 20180711141427.0
020 ## - INTERNATIONAL STANDARD BOOK NUMBER
International Standard Book Number 8120325397
Terms of availability 395.00
035 ## - SYSTEM CONTROL NUMBER
System control number B-1127042,B-127040
037 ## - SOURCE OF ACQUISITION
Stock number DPL
Source of stock number/acquisition ENG
100 ## - MAIN ENTRY--PERSONAL NAME
Personal name Tulloch,Mitch
245 ## - TITLE STATEMENT
Title Microsoft Encyclopedia of Security /
Statement of responsibility, etc by Mitch Tulloch
260 ## - PUBLICATION, DISTRIBUTION, ETC. (IMPRINT)
Place of publication, distribution, etc New Delhi
Name of publisher, distributor, etc Prentice Hall of India
Date of publication, distribution, etc 2003
300 ## - PHYSICAL DESCRIPTION
Extent XXVI,I 449p.(pbk)
Dimensions 22 cms.
942 ## - ADDED ENTRY ELEMENTS (KOHA)
Source of classification or shelving scheme Dewey Decimal Classification
Item type English Books
Classification part 005.8
Call number suffix TUL
Holdings
Withdrawn status Lost status Not for loan Collection code Home library Current library Date acquired Full call number Barcode Koha item type Source of acquisition Cost, normal purchase price Cost, replacement price
      Non-fiction Sarojini Nagar Sarojini Nagar 15/02/2012 005.8 TUL B-1127042 English Books      
      Non-fiction Tri Nagar Tri Nagar 11/07/2018 005.8 TUL B-127040 English Books BPPD/pub 395.00 395.00

© Delhi Public Library
Hit Counter
free hit counter